000
00203 a2200097 4500
001
23756
100
_a
Hicks, J.R
245
_a
Value and capital
260
_a
_b
E.L.Bk Society
_c
090
_c
16071
_d
16071
942
_a
NUST-CAE
_c
M
_c
6749
999
_c
258829
_d
258829